Dopasuj tytuł piosenki do jej artysty - Statystyki

Ogólne statystyki
  • Ten quiz został rozwiązany 290 razy
  • Średni wynik to 6 z 20
Statystyki odpowiedzi
Hint Odpowiedź % Poprawnych
Schodki Mata
87%
Piękny Świat Gibbs
71%
8 kobiet TACONAFIDE
58%
Half Dead Quebonafide
56%
SÓL Young Multi
50%
WIĘCEJ DYMU 2115
47%
Ciepłe dranie Kuki
47%
Pok0ra Żabson
30%
Powww! Sentino
20%
Więzień Wizerunku Zeamsone
20%
drzewko Chivas
18%
Kosmita Gedz
17%
Street Fighter PRO8L3M
15%
Got It Yung Adisz
15%
Mój kościół Paluch
13%
Perły Oki
10%
Obcy SB Maffija
10%
Bierny420 Kinny Zimmer
8%
Więcej Diho
7%
Lost Tape Kali
6%
Nie znaleziono quizów pasujących do podanych kryteriów
Rozkład punktacji
Procent ludzi z każdym wynikiem
Percentyl według liczby udzielonych odpowiedzi
Twoja historia wyników
Nie rozwiązałeś tego quizu